| Tag |
First Indicator |
Second Indicator |
Subfields |
| LEADER |
00000cam a2200000ui 4500 |
| 001 |
in00001496513 |
| 005 |
20151021082225.0 |
| 008 |
871017s1985 xr u000 0 cze d |
| 035 |
|
|
|a (OCoLC)39436107
|
| 035 |
|
|
|9 AJJ4399AM
|
| 040 |
|
|
|a LGP
|c LGP
|d TXA
|d UtOrBLW
|
| 049 |
|
|
|a TXAM
|
| 080 |
|
|
|a 885.0Matina,J.V.
|a 929Matina,V.J.
|
| 090 |
|
|
|a PG5038.M403
|b Z459 1985
|
| 100 |
1 |
|
|a Balcarová, Dagmar.
|
| 245 |
1 |
0 |
|a Vincenc Jan Matina :
|b 1882-1967) : Literární pozůstalost /
|c Zprac. Dagmar Balcarová.
|
| 264 |
|
1 |
|a Praha :
|b Literární archiv Památníku národního písemnictví,
|c 1985
|
| 264 |
|
3 |
|a Liberec :
|b Ruch
|
| 300 |
|
|
|a 21 s. ;
|c 20 cm.
|
| 336 |
|
|
|a text
|b txt
|2 rdacontent
|
| 337 |
|
|
|a unmediated
|b n
|2 rdamedia
|
| 338 |
|
|
|a volume
|b nc
|2 rdacarrier
|
| 490 |
1 |
|
|a Edice inventářů ;
|v Čís. 425
|
| 500 |
|
|
|a 500 výt.
|
| 600 |
1 |
4 |
|a Matina, Jan Vincenc,
|d 1882-1967.
|
| 830 |
|
0 |
|a Edice inventářů ;
|v Čís. 425.
|
| 948 |
|
|
|a c:tc
|
| 999 |
|
|
|a MARS
|
| 999 |
f |
f |
|s 34b72050-7830-3b51-83e4-9ba8c4edef4f
|i a2412222-f7e4-3f47-a042-f632a89d1108
|t 0
|
| 952 |
f |
f |
|p ric
|a Texas A&M University
|b Rellis Campus
|c Joint Library Facility
|s JLF
|d Remote Storage
|t 0
|e PG5038.M403 Z459 1985
|h Library of Congress classification
|i unmediated -- volume
|m A14825150958
|
| 998 |
f |
f |
|a PG5038.M403 Z459 1985
|t 0
|l Remote Storage
|